000 005220000a22001810004500
003 MACL
005 20160203113506.0
008 160203b xxu||||| |||| 00| 0 eng d
040 _aMACL
_cMACL
041 _aHindi
082 _a387.076
100 _aKumar Binay
_936495
245 _aरेलवे भर्ती बोर्ड परीक्षा
260 _bयूनिक पब्लिशर
_c2010
_aपटना
350 _a200
650 _aरेल रोड
_936404
942 _cHIN
_k385.076
_2ddc
999 _c45595
_d45595